USSR True or False - Statistics

General Stats
  • This quiz has been taken 27,600 times
  • The average score is 12 of 15
Answer Stats
Question Answer % Correct
The flag of the USSR was mostly red True
99%
The USSR was the first country to send a satellite into orbit around the Earth True
95%
Kazakhstan was part of the Soviet Union True
93%
The Soviet Union moved nuclear missiles to Cuba in 1962, but removed them shortly after True
89%
The USSR signed a non-aggression pact with Nazi Germany True
88%
The USSR invaded Afghanistan True
87%
Money was banned in the Soviet Union False
84%
Tetris was invented in the Soviet Union True
77%
From 1925–1961, the city of Moscow was known as Stalingrad False
73%
On his death bed, Lenin named Stalin as his successor False
73%
The Warsaw Pact included China, North Korea, and (after 1975) Vietnam False
71%
The USSR landed a man on the moon about 4 years after the U.S. did False
66%
The Soviets had a military base on the North Pole False
60%
About 30% of Politburo members were female False
55%
The USSR had a higher population than the United States in 1989 True
43%
No matching quizzes found
Score Distribution
Percent of People with Each Score
Percentile by Number Answered
Your Score History
You have not taken this quiz